| 000 | 00468nmm a2200169Ia 4500 | ||
|---|---|---|---|
| 008 | 251105s9999||||xx |||||||||||||||||und|| | ||
| 020 | _a9788416023424 | ||
| 041 | _aspa | ||
| 100 | _aRivera, David | ||
| 245 | 0 | _aEl secreto de River Side | |
| 264 |
_a[Madrid, España] : _bKailas Editorial, _c2015 |
||
| 300 | _a488 páginas | ||
| 490 | _aKailas Ficción | ||
| 650 | _aSpanish narrative | ||
| 856 | _uhttps://public.digitaliapublishing.com/a/87229 | ||
| 942 | _cCF | ||
| 999 |
_c77185 _d77185 |
||